000 00362pam a2200157a 44500
008 230515b2015 xxu||||| |||| 00| 0 eng d
020 _aNULL
041 _aENGLISH
082 _a624.17RED
100 _aREDDY J
245 _aFINITE ELEMENT METHOD
250 _a25 TH ED
260 _aNEW DELHI
_bMC-GRAW HILL
_c2015
300 _aXVI/766
650 _aNULL
999 _c665358
_d665358